| Поле | Инд. | ПП | Название | Значение |
|---|---|---|---|---|
| Тип записи | a | |||
| Библиографический уровень | m | |||
| 001 | Контрольный номер | 5546f551-3f3f-44e1-afee-125d32ad01d5 | ||
| 005 | Дата корректировки | 20140226233757.2 | ||
| 008 | Кодируемые данные | 020123 | ||
| 020 | a | ISBN | 5-86134-097-8 | |
| c | Цена, тираж | 79.80 | ||
| a | ISBN | 5-86134-096-X | ||
| 040 | a | Служба первич. каталог. | НБ ТвГУ | |
| 041 | a | Код языка текста | rus | |
| 080 | a | Индекс УДК | 510.22 | |
| a | Индекс УДК | 517 | ||
| 084 | a | Индекс другой классификации/Индекс ББК | В126 | |
| a | Индекс другой классификации/Индекс ББК | В161 | ||
| 090 | x | Авторский знак | Г68 | |
| a | Полочн. индекс | В126 | ||
| 100 | 1_ | a | Автор | Гордон Евгений Израилевич |
| 245 | 10 | a | Заглавие | Инфинитезимальный анализ |
| n | Номер части/ раздела | Ч. 2 | ||
| b | Продолж. заглавия | [В 2 ч.] | ||
| c | Ответственность | Е. И. Гордон, А. Г. Кусраев, С. С. Кутателадзе; РАН. СО. Ин-т математики им. С. Л. Соболева | ||
| 260 | 0_ | a | Место издания | Новосибирск |
| b | Издательство | Ин-т математики | ||
| c | Дата издания | 2001 | ||
| 300 | a | Объем | 246 с. | |
| 440 | a | Серия | Нестандарт. методы анализа | |
| 504 | a | Библиография | Библиогр.: с.206-241. | |
| 504 | a | Библиография | Указ. обозначений: с.242-243. | |
| 504 | a | Библиография | Предм. указ.: с.244-246. | |
| 583 | a | Действие | Получение впервые 39 22.01.2002 | |
| k | Исполнитель действия | Центальный Коллектор Научных Библиотек | ||
| 650 | a | Основная рубрика | Множеств теория | |
| 650 | a | Основная рубрика | Математический анализ | |
| x | Основная подрубрика | Нестандартные методы | ||
| 653 | a | Ключевые слова | Нестандартный анализ | |
| a | Ключевые слова | Нестандартные методы анализа | ||
| a | Ключевые слова | Инфинитезимальный анализ | ||
| a | Ключевые слова | Математический анализ | ||
| 700 | 1_ | a | Другие авторы | Кусраев Анатолий Георгиевич |
| e | Роль лиц | авт. | ||
| 700 | 1_ | a | Другие авторы | Кутателадзе Семен Самсонович |
| e | Роль лиц | авт. | ||
| 700 | 1_ | a | Другие авторы | Решетняк Ю. Г. |
| e | Роль лиц | отв. ред. | ||
| 852 | t | Порядковый номер экземпляра | 1 | |
| p | Инвентарный номер | 742268 | ||
| 863 | t | 00031769 | ||
| 888 | a | За счет средств университета | ||
| 952 | p | 39.2002 79.80 1 742268 | ||
| c | Вид литературы | К рн | ||
| 954 | a | Дата поступления на обработку | 20020228 | |
| 999 | a | Подразделение 2 | Фил3 |